| 000 | 02421nam a2200229Ia 4500 | ||
|---|---|---|---|
| 003 | Ost | ||
| 005 | 20260507075300.0 | ||
| 008 | 260507s9999||||xx |||||||||||||| ||und|| | ||
| 020 | _a28951199579 | ||
| 040 | _cfsecg | ||
| 041 | _aara | ||
| 082 | _a330 | ||
| 100 |
_aأبو عرابي، غازي خالد _eمؤلف |
||
| 245 | 0 |
_aأحكام التأمين وفق آخر التعديلات التشريعية : _bدراسة مقارنة / _c غازي خالد أبو عرابي |
|
| 260 |
_aعمان: _bدار وائل, _c2011 |
||
| 300 |
_a471 صفحة؛ _c24 سم |
||
| 520 | _aماهية التأمين : التعريف بعقود الغرر ،نشأة نظام التأمين و تطوره و أقسام التأمين و أهدافه ، الاسس الفنية للتأمين و ضماناته ، مدى مشروعية عقد التأمين في الفقه الاسلامي ، الخطر المؤمن منه : ماهية الخطر و شروطه و قابلية الخطر للتأمين و أوصافه ، مقابل الاتأمين "القسط": مبدأ تناسب القسط مع الخطر ، القسط الصافي و عبءالقسط ، أداء المؤمن "عوض التأمين " :صور أداء التأمين و كيفية تحديد مقدار أداء المؤمن ، المصلحة في التأمين من الاضرار و على الاشخاص ، خصائص عقد التأمين العامة و الخاصة و التراضي فيه ، انعقاد عقد التأمين من الناحية العلمية ، التزام المؤمن له بالادلاء بالبيانات المتعلقة بالخطر و التزامه بدفع القسط (مقابل التأمين ) و كذا التزامه باخطار المؤمن بتحقيق الخطر المؤمن منه ، التزامات المؤمن : بدفع مبلغ التأمين ، رجوع المؤمن على المسؤولية عن الحادث ، انقضاء عقد التأمين ، مرور الزمان المانع من سماع الدعاوى الناشئة عن التأمين ، مجال تطبيق التأمين الازامي و الأخطار التي يغطيها و حق الرجوع في نظام التأمين الالزامي على المركبات . | ||
| 653 | _aالتأمين - البنوك | ||
| 653 | _aالتأمين الاجباري | ||
| 653 | _aالتأمين البحري | ||
| 942 | _cكتاب | ||
| 999 |
_c43785 _d43785 |
||